Message of the flute (Record no. 153499)

MARC details
000 -LEADER
fixed length control field 00478nam a22001817a 4500
003 - CONTROL NUMBER IDENTIFIER
control field dpl
005 - DATE AND TIME OF LATEST TRANSACTION
control field 20180706131215.0
008 - FIXED-LENGTH DATA ELEMENTS--GENERAL INFORMATION
fixed length control field 180706b xxu||||| |||| 00| 0 eng d
020 ## - INTERNATIONAL STANDARD BOOK NUMBER
International Standard Book Number 8188492213
Terms of availability 100.00
035 ## - SYSTEM CONTROL NUMBER
System control number B-192446
040 ## - CATALOGING SOURCE
Original cataloging agency DPL
Language of cataloging EN
Transcribing agency 0
082 ## - DEWEY DECIMAL CLASSIFICATION NUMBER
Classification number 881
100 ## - MAIN ENTRY--PERSONAL NAME
Personal name Sharan, N N
245 ## - TITLE STATEMENT
Title Message of the flute
Remainder of title /
Statement of responsibility, etc by N N Sharan
260 ## - PUBLICATION, DISTRIBUTION, ETC. (IMPRINT)
Place of publication, distribution, etc Agra
Name of publisher, distributor, etc Arvinda prakashan
Date of publication, distribution, etc 2005
300 ## - PHYSICAL DESCRIPTION
Extent ii,90p;
Dimensions 22cm.
942 ## - ADDED ENTRY ELEMENTS (KOHA)
Source of classification or shelving scheme Dewey Decimal Classification
Koha item type English Books
Classification part 881
Call number suffix SHA
Holdings
Withdrawn status Lost status Source of classification or shelving scheme Damaged status Not for loan Collection code Home library Current library Date acquired Source of acquisition Cost, normal purchase price Total Checkouts Full call number Barcode Date last seen Cost, replacement price Price effective from Koha item type
    Dewey Decimal Classification     Non-fiction Patel Nagar Patel Nagar 06/07/2018 BPPD/Pub 0.00   881 SHA B-192446 06/07/2018 0.00 06/07/2018 English Books
    Dewey Decimal Classification     Non-fiction Sarojini Nagar Sarojini Nagar 13/05/2019       881 SHA B-192447 13/05/2019   13/05/2019 English Books

© Delhi Public Library
Hit Counter
free hit counter